00726 a2200205 450000100060000002000150000604000240002110000180004524000330006324500280009630000070012436200090013144000130014065000310015394200070018495201040019195201040029595201040039999900170050369389 a8526250884 cAnchieta - Itaigara aPuech, Michel10aOs meninos e as meninaslpor10aOs meninos e as meninas a400 a2004 1aScipione 4aLiteratura infanto-juvenil cBK 00104070a88.1b88.1d2023-11-21l0o028.5 PUE MENp1659/ITAr2023-11-21 20:03:55w2023-11-21yBK 00104070a88.1b88.1d2023-11-21l0o028.5 PUE MENp1660/ITAr2023-11-21 20:03:55w2023-11-21yBK 00104070a88.1b88.1d2023-11-21l0o028.5 PUE MENp1661/ITAr2023-11-21 20:03:55w2023-11-21yBK c69389d69389